000 00532nam a22001817a 4500
005 20251108164837.0
008 250721s1992 xx 000 0 ara d
082 1 4 _a616.6/محم
100 1 _aعامر، محمد
245 1 0 _aالبروستاتا /
264 1 _aالقاهره :
_bأخبار اليوم،
_c1992.
300 _a110ص
490 0 _aكتاب اليوم الطبي ؛ 118
650 1 7 _aالجهاز التناسلي
650 1 7 _aأمراض الجهاز التناسلي
942 _2ddc
_cBK
999 _c15703
_d15703